00385 a2200133 450000100060000002000160000604000260002210000210004824000700006924500650013930000070020436200090021165000310022048261 a857208455-X cAnchieta - Bela Vista aSypriano, Lilian10aLiloca gatoca sumiu! onde será que ela está? você viu?lpor10aLiloca gatoca sumiu! onde será que ela está? você viu? a310 a2006 4aLiteratura infanto-juvenil